Land law
| Main Author: | |
|---|---|
| Format: | Book |
| Published: |
New South Wales, Australia :
LBC Information Services ,
1996
|
| Edition: | 3rd ed. |
| Subjects: |
MARC
| LEADER | 00000cam a2200000 7i4500 | ||
|---|---|---|---|
| 001 | 0000000875 | ||
| 005 | 20001019.0 | ||
| 020 | 0 | 0 | |a 0455213593 |
| 090 | 0 | 0 | |a 346.94404 |b BUT 1996 |
| 100 | 1 | 0 | |a BUTT |h Peter J. |
| 245 | 1 | 0 | |a Land law |c Peter Butt |
| 250 | 0 | 0 | |a 3rd ed. |
| 260 | 0 | 0 | |a New South Wales, Australia : |b LBC Information Services , |c 1996 |
| 300 | |a cxxxiv, 970 p.24 cm. | ||
| 650 | 0 | 0 | |a Real property |z New South Wales, Australia |
| 999 | |a 0000001771 |b Monograph |c Open Shelf |e Default branch | ||